| 000 | 04137nam a22006615i 4500 | ||
|---|---|---|---|
| 001 | 978-3-319-54283-6 | ||
| 003 | DE-He213 | ||
| 005 | 20210118134853.0 | ||
| 007 | cr nn 008mamaa | ||
| 008 | 170407s2017 gw | s |||| 0|eng d | ||
| 020 |
_a9783319542836 _9978-3-319-54283-6 |
||
| 024 | 7 |
_a10.1007/978-3-319-54283-6 _2doi |
|
| 050 | 4 | _aR856-857 | |
| 050 | 4 | _aHC79.E5 | |
| 050 | 4 | _aGE220 | |
| 072 | 7 |
_aMQW _2bicssc |
|
| 072 | 7 |
_aTEC059000 _2bisacsh |
|
| 072 | 7 |
_aMQW _2thema |
|
| 082 | 0 | 4 |
_a610.28 _223 |
| 245 | 1 | 0 |
_aAmbient Assisted Living _h[electronic resource] : _bItalian Forum 2016 / _cedited by Filippo Cavallo, Vincenzo Marletta, Andrea Monteriù, Pietro Siciliano. |
| 250 | _a1st ed. 2017. | ||
| 264 | 1 |
_aCham : _bSpringer International Publishing : _bImprint: Springer, _c2017. |
|
| 300 |
_aXVIII, 404 p. 141 illus. _bonline resource. |
||
| 336 |
_atext _btxt _2rdacontent |
||
| 337 |
_acomputer _bc _2rdamedia |
||
| 338 |
_aonline resource _bcr _2rdacarrier |
||
| 347 |
_atext file _bPDF _2rda |
||
| 490 | 1 |
_aLecture Notes in Electrical Engineering, _x1876-1100 ; _v426 |
|
| 505 | 0 | _aCare Models and Algorithms -- Enabling Technologies and Assistive Solutions -- Experiments, Evaluation and Lessons Learnt. | |
| 520 | _aThis book documents the state of the art in the field of ambient assisted living (AAL), highlighting the impressive potential of novel methodologies and technologies to enhance well-being and promote active ageing. The coverage is wide ranging, with sections on assistive devices, elderly people monitoring, home rehabilitation, ICT solutions for AAL, living with chronic conditions, robotic assistance for the elderly, sensing technologies for AAL, and smart housing. The book comprises a selection of the best papers presented at the 7th Italian Forum on Ambient Assisted Living (ForitAAL 2016), which was held in Pisa, Italy, in June 2016 and brought together end users, technology teams, and policy makers to develop a consensus on how to improve provision for elderly and impaired people. Readers will find that the expert contributions offer clear insights into the ways in which the most recent exciti ng advances may be expected to assist in addressing the needs of the elderly and those with chronic conditions. | ||
| 650 | 0 | _aBiomedical engineering. | |
| 650 | 0 | _aRobotics. | |
| 650 | 0 | _aAutomation. | |
| 650 | 0 | _aGeriatrics. | |
| 650 | 1 | 4 |
_aBiomedical Engineering and Bioengineering. _0http://scigraph.springernature.com/things/product-market-codes/T2700X |
| 650 | 2 | 4 |
_aRobotics and Automation. _0http://scigraph.springernature.com/things/product-market-codes/T19020 |
| 650 | 2 | 4 |
_aGeriatrics/Gerontology. _0http://scigraph.springernature.com/things/product-market-codes/H33150 |
| 700 | 1 |
_aCavallo, Filippo. _eeditor. _4edt _4http://id.loc.gov/vocabulary/relators/edt |
|
| 700 | 1 |
_aMarletta, Vincenzo. _eeditor. _4edt _4http://id.loc.gov/vocabulary/relators/edt |
|
| 700 | 1 |
_aMonteriù, Andrea. _eeditor. _4edt _4http://id.loc.gov/vocabulary/relators/edt |
|
| 700 | 1 |
_aSiciliano, Pietro. _eeditor. _4edt _4http://id.loc.gov/vocabulary/relators/edt |
|
| 710 | 2 | _aSpringerLink (Online service) | |
| 773 | 0 | _tSpringer eBooks | |
| 776 | 0 | 8 |
_iPrinted edition: _z9783319542829 |
| 776 | 0 | 8 |
_iPrinted edition: _z9783319542843 |
| 776 | 0 | 8 |
_iPrinted edition: _z9783319853628 |
| 830 | 0 |
_aLecture Notes in Electrical Engineering, _x1876-1100 ; _v426 |
|
| 856 | 4 | 0 | _uhttps://doi.org/10.1007/978-3-319-54283-6 |
| 912 | _aZDB-2-ENG | ||
| 999 |
_c449081 _d449081 |
||
| 942 | _cEB | ||
| 506 | _aAvailable to subscribing member institutions only. Доступно лише організаціям членам підписки. | ||
| 506 | _fOnline access from local network of NaUOA. | ||
| 506 | _fOnline access with authorization at https://link.springer.com/ | ||
| 506 | _fОнлайн-доступ з локальної мережі НаУОА. | ||
| 506 | _fОнлайн доступ з авторизацією на https://link.springer.com/ | ||